LEADER 01363nam a2200289 i 4500 001 000000167839 003 CaOOAMICUS 005 20071218000000.0 008 071218s1996 it u000 u ita u 013 $a145238 020 $a88-8183-288-7 040 $aSeMil$bita 100 1 $aSchettini, Mario.$0(OLS)http://semarc/name/63065 245 10$aItalia, nascita di una nazione :$bil romanzo di un secolo /$cMario Schettini ; Introduzione di Francesco Perfetti ; A cura di Maria Teresa Mandalari. 260 $aRoma :$bTascabili Economici Newton,$cCopyr. 1996. 300 $a332 p. :$bill. ;$c22 cm. 490 0 $aGrandi tascabili economici [Newton]v373 650 4$aItalia - Storia - Sec. 19.$0(OLS)http://semarc/subject/238 700 1 $aMandalari, Maria Teresa.$0(OLS)http://semarc/name/19190 700 1 $aPerfetti, Francesco,$d<1943- >.$0(OLS)http://semarc/name/2622 830 0$aGrandi tascabili economici ;$v373.$0(OLS)http://semarc/title/20817 850 $aSeMil 852 $aSeMil$W1$xVenegono$y1$m3U III 368$j118975$B118975$CSeMilBibl$Z2$F130726 $81 961 $aOmaggio: Altro 996 $6020$a88-8183-288-7$9(OLS)http://semarc/number/154523 996 $6245$aItalia, nascita di una nazione :$bil romanzo di un secolo$9(OLS)http://semarc/title/240146 996 $6260$aRoma :$bTascabili Economici Newton$9(OLS)http://semarc/publisher/35030 LEADER 00982nam a2200229 i 4500 001 000000075041 003 CaOOAMICUS 005 20070621000000.0 008 070621s1953 it u000 u ita u 013 $a46213 040 $aSeMil$bita 100 1 $aRamat, Raffaello,$d<1905-1967>.$0(OLS)http://semarc/name/37095 245 13$aIl Guicciardini e la tragedia d'Italia /$cRaffaello Ramat. 260 $aFirenze :$bLeo S. Olschki,$c1953. 300 $a117 p. ;$c24 cm. 490 0 $aBiblioteca dell'Archivio storico italiano ;$v4. 600 14$aGuicciardini, Francesco <1483-1540>.$0(OLS)http://semarc/subject/12167 830 0$aBiblioteca dell'Archivio storico italiano ;$v4.$0(OLS)http://semarc/title/23807 850 $aSeMil 852 $aSeMil$W1$xVenegono$y1$m1D VI 38$j41193$B41193$CSeMilBibl$Z2$F41197 $81 996 $6245$aIl Guicciardini e la tragedia d'Italia$9(OLS)http://semarc/title/121761 996 $6260$aFirenze :$bLeo S. Olschki$9(OLS)http://semarc/publisher/29957